000
00195 a2200097 4500
020
_a
9781582462257
041
_a
spa
100
_a
Scott Gifford
245
_a
pedazo= parte= porcentajes
942
_c
BK
999
_c
9031
_d
9031